000 00416nam a2200169Ia 4500
008 230524s9999 xx 000 0 und d
020 _a8125916016
082 _a612.3812
_bKUM
100 _aK.Murugesh Kumar
_92467
245 0 _aElectrical Laboratory Exercises
250 _a2ND
260 _aNEW DELHI
_b Vikas
_c2005
300 _aXIV;170
500 _aQuantity Number: 1
650 _aElectrical
942 _cBK
999 _c8745
_d8745